| 000 | 00793nam a2200241 i 4500 | ||
|---|---|---|---|
| 001 | 110613 | ||
| 003 | ES-MaACL | ||
| 005 | 20250428114703.0 | ||
| 007 | t| | ||
| 008 | 070206s1918 sp ||||1| spa d | ||
| 080 | _a821.134.2-32"18" | ||
| 100 | 1 |
_aTrigo, Felipe. _9111409 |
|
| 245 | 1 | 3 |
_aEl domador de demonios : _bnovela / _cpor Felipe Trigo. |
| 260 |
_a[Madrid : _bLa Novela Corta, _c1918] |
||
| 300 |
_a[24] p. ; _c20 cm. |
||
| 490 | 1 |
_aLa novela corta ; _v129 |
|
| 530 | _aDisponible en formato digital. | ||
| 830 | 1 |
_aLa novela corta ; _v129 _9182142 |
|
| 852 | 4 |
_aES-MaACL _j2213-F-27 _cDEPOF _zRevisado enlace: 28 de Abril de 2025 |
|
| 856 | 4 |
_uhttp://bdh-rd.bne.es/viewer.vm?id=0000252698&page=1 _yBiblioteca Digital Hispánica |
|
| 942 | _2udc | ||
| 999 |
_c110613 _d110613 |
||